[Event "54th Groningen Open 2016"]
[Site "Groningen NED"]
[Date "2016.12.30"]
[Round "9.13"]
[White "Xiang, Zeyu"]
[Black "Aradhya, Garg"]
[Result "1/2-1/2"]
[WhiteElo "2310"]
[BlackElo "2231"]
[WhiteFideId "8608547"]
[BlackFideId "25006746"]
[EventDate "2016.12.21"]

1. d4 d5 2. c4 c6 3. Nf3 Nf6 4. e3 Bf5 5. Nc3 e6 6. Nh4 Bg6 7. Nxg6 hxg6 8. Be2
Nbd7 9. cxd5 exd5 10. Rb1 Bd6 11. h3 a5 12. Bd2 O-O 13. Qc2 Rc8 14. a3 Qe7 15.
O-O Qe6 16. Bd3 b5 17. f3 Bb8 18. e4 Ba7 19. exd5 Nxd5 20. Rbe1 Qd6 1/2-1/2

[Event "54th Groningen Open 2016"]
[Site "Groningen NED"]
[Date "2016.12.30"]
[Round "9.14"]
[White "Brink, Barry"]
[Black "Lai, Hing Ting"]
[Result "1/2-1/2"]
[WhiteTitle "FM"]
[BlackTitle "FM"]
[WhiteElo "2299"]
[BlackElo "2409"]
[WhiteFideId "1009451"]
[BlackFideId "1038257"]
[EventDate "2016.12.21"]

1. d4 Nf6 2. c4 e6 3. Nc3 Bb4 4. Qc2 b6 5. e4 c5 6. d5 Qe7 7. Be2 d6 8. Nf3 O-O
9. Be3 Bxc3+ 10. bxc3 exd5 11. exd5 Bg4 12. O-O Nbd7 13. Rfe1 Rfe8 14. a4 Bh5
15. h3 Qf8 16. a5 1/2-1/2

[Event "54th Groningen Open 2016"]
[Site "Groningen NED"]
[Date "2016.12.30"]
[Round "9.15"]
[White "Schippers, Maurice"]
[Black "Kuipers, Stefan"]
[Result "0-1"]
[BlackTitle "IM"]
[WhiteElo "2288"]
[BlackElo "2408"]
[WhiteFideId "1004735"]
[BlackFideId "1018400"]
[EventDate "2016.12.21"]

1. e4 d6 2. d4 Nf6 3. Nc3 e5 4. Nf3 Nbd7 5. Bc4 Be7 6. a4 O-O 7. O-O exd4 8.
Nxd4 Ne5 9. Ba2 Nc6 10. Nxc6 bxc6 11. Re1 Nd7 12. f4 Bh4 13. g3 Bf6 14. Qf3 Rb8
15. Bc4 Bd4+ 16. Kg2 Qf6 17. e5 Nxe5 18. Rxe5 dxe5 19. Ne4 Qg6 20. c3 Bg4 21.
Qd3 Bf5 22. Kf3 Rfd8 0-1

[Event "54th Groningen Open 2016"]
[Site "Groningen NED"]
[Date "2016.12.30"]
[Round "9.16"]
[White "Soumya, Swaminathan"]
[Black "Gomes, Mary Ann"]
[Result "1-0"]
[WhiteTitle "WGM"]
[BlackTitle "WGM"]
[WhiteElo "2384"]
[BlackElo "2302"]
[WhiteFideId "5016193"]
[BlackFideId "5013623"]
[EventDate "2016.12.21"]

1. e4 c5 2. Nf3 d6 3. d4 cxd4 4. Nxd4 Nf6 5. Nc3 Bd7 6. Bg5 e6 7. Ndb5 Bc6 8.
Bxf6 gxf6 9. Qh5 a6 10. Nd4 Bd7 11. O-O-O Nc6 12. Nb3 Qb6 13. Rd2 Rc8 14. f4 Qe3
15. g3 Nb4 16. Kb1 Qe1+ 17. Rd1 Qf2 18. Be2 Bc6 19. Nd4 Nxc2 20. Nxc2 1-0

[Event "54th Groningen Open 2016"]
[Site "Groningen NED"]
[Date "2016.12.30"]
[Round "9.17"]
[White "Vrolijk, Liam"]
[Black "Gerlagh, Joris"]
[Result "1-0"]
[WhiteTitle "FM"]
[WhiteElo "2332"]
[BlackElo "2269"]
[WhiteFideId "1048333"]
[BlackFideId "1038834"]
[EventDate "2016.12.21"]

1. e4 c5 2. Nf3 e6 3. d4 cxd4 4. Nxd4 Nc6 5. Nc3 Qc7 6. Qd3 Nf6 7. Ndb5 Qb8 8.
Qg3 d6 9. Be3 a6 10. Nd4 e5 11. Nb3 b5 12. O-O-O Be6 13. Be2 Qb7 14. f4 Bxb3 15.
axb3 Rc8 16. Rhf1 Nb4 17. fxe5 Nxe4 18. Qf3 d5 19. Nxd5 Rxc2+ 20. Kb1 Nxd5 21.
Kxc2 Qc7+ 22. Kb1 Ndc3+ 23. bxc3 Nxc3+ 24. Kb2 Ba3+ 25. Kxa3 b4+ 26. Kb2 Na4+
27. Kb1 Nc3+ 28. Kc2 Nxe2+ 29. Kd2 1-0

[Event "54th Groningen Open 2016"]
[Site "Groningen NED"]
[Date "2016.12.30"]
[Round "9.18"]
[White "Chu, Wei Chao"]
[Black "Colijn, Stefan"]
[Result "1-0"]
[WhiteTitle "IM"]
[BlackTitle "FM"]
[WhiteElo "2281"]
[BlackElo "2330"]
[WhiteFideId "8605661"]
[BlackFideId "1016199"]
[EventDate "2016.12.21"]

1. d4 Nf6 2. c4 c5 3. d5 e6 4. Nc3 exd5 5. cxd5 d6 6. Nf3 g6 7. g3 Bg7 8. Bg2
O-O 9. O-O Re8 10. Bf4 a6 11. a4 Ne4 12. Nxe4 Rxe4 13. Nd2 Rb4 14. Ne4 Rxb2 15.
Rb1 Rxb1 16. Qxb1 b5 17. Nxd6 g5 18. Nxc8 gxf4 19. d6 Qxc8 20. Bxa8 Nd7 21. Qf5
fxg3 22. hxg3 Qd8 23. axb5 axb5 24. Rd1 b4 25. Bd5 Bf6 26. Kg2 Nb6 27. d7 Kf8
28. Bb3 c4 29. Bxc4 1-0

[Event "54th Groningen Open 2016"]
[Site "Groningen NED"]
[Date "2016.12.30"]
[Round "9.19"]
[White "Popov, Mikhail"]
[Black "Nandhidhaa, PV"]
[Result "1-0"]
[WhiteTitle "FM"]
[BlackTitle "WIM"]
[WhiteElo "2369"]
[BlackElo "2251"]
[WhiteFideId "4146182"]
[BlackFideId "5050847"]
[EventDate "2016.12.21"]

1. d4 d5 2. Nf3 Nf6 3. Bf4 c5 4. e3 Nc6 5. Nbd2 Qb6 6. dxc5 Qxb2 7. Rb1 Qc3 8.
Bb5 Qxc5 9. O-O Bd7 10. Ba4 Na5 11. c4 dxc4 12. Ne5 Qc8 13. Nxd7 Nxd7 14. Qh5
Nc6 15. Nxc4 Nb6 16. Rxb6 axb6 17. Nxb6 Qd8 18. Nxa8 Qxa8 19. Bxc6+ bxc6 20. Rb1
g6 21. Qe5 f6 22. Qe6 1-0

[Event "54th Groningen Open 2016"]
[Site "Groningen NED"]
[Date "2016.12.30"]
[Round "9.20"]
[White "Vos, Tjark"]
[Black "Maris, Ivo"]
[Result "1-0"]
[BlackTitle "FM"]
[WhiteElo "2183"]
[BlackElo "2345"]
[WhiteFideId "1020870"]
[BlackFideId "1028146"]
[EventDate "2016.12.21"]

1. e4 c6 2. d4 Na6 3. Nc3 Nc7 4. Nf3 g6 5. Be3 d5 6. h3 Bg7 7. Be2 dxe4 8. Nxe4
Nf6 9. Ng3 Nfd5 10. Bd2 Ne6 11. c3 Nef4 12. Bf1 Qd6 13. Ne4 Qe6 14. Ng5 Qf5 15.
g4 Qd7 16. Qf3 h6 17. Nxf7 O-O 18. Ne5 Bxe5 19. dxe5 Qe6 20. O-O-O Qxe5 21. c4
Nb6 22. Bc3 Qc7 23. Qe3 Na4 24. Bd4 e5 25. Nf6+ Rxf6 26. Bxe5 Qf7 27. Rd8+ Kh7
28. Qxf4 Bf5 29. Rxa8 Qe7 30. gxf5 g5 31. Qd4 Rxf5 32. Bd3 1-0

[Event "54th Groningen Open 2016"]
[Site "Groningen NED"]
[Date "2016.12.30"]
[Round "9.21"]
[White "Hopman, Pieter"]
[Black "Van Meegen, Ruud"]
[Result "1-0"]
[WhiteTitle "FM"]
[WhiteElo "2345"]
[BlackElo "2183"]
[WhiteFideId "1005669"]
[BlackFideId "1034995"]
[EventDate "2016.12.21"]

1. d4 Nf6 2. c4 c5 3. d5 b5 4. Nd2 bxc4 5. e4 d6 6. Ne2 g6 7. Nc3 Bg7 8. Qa4+
Nfd7 9. Nxc4 O-O 10. Ne3 Nb6 11. Qc2 Ba6 12. Be2 Bxe2 13. Nxe2 Na6 14. O-O Rc8
15. Bd2 Qd7 16. Rac1 Nb4 17. Bxb4 cxb4 18. Qd2 Qa4 19. b3 Qa5 20. Nd4 Bxd4 21.
Qxd4 Rc3 22. Rxc3 bxc3 23. a4 Rc8 24. Rc1 c2 25. Kf1 Qa6+ 26. Ke1 Nd7 27. Rxc2
Rb8 28. Rc3 Nc5 29. Nf5 f6 30. Nxe7+ Kf7 31. Rf3 Nd3+ 32. Qxd3 Qxd3 33. Rxd3
Kxe7 34. Kd2 Rb4 35. Kc3 a5 36. Rd4 Rb7 37. b4 axb4+ 38. Rxb4 Rc7+ 39. Rc4 Rb7
40. a5 f5 41. a6 Ra7 42. Ra4 fxe4 43. Kd4 Kd7 44. Kxe4 Ra8 45. a7 Kc7 46. Kf4
Kb6 47. Kg5 Kc5 48. Kh6 Kxd5 49. Kxh7 g5 50. Kg6 Ke5 51. Kxg5 1-0

[Event "54th Groningen Open 2016"]
[Site "Groningen NED"]
[Date "2016.12.30"]
[Round "9.22"]
[White "Simonsen, Hans Kristian"]
[Black "Rakotomaharo, Fy Antenaina"]
[Result "0-1"]
[WhiteTitle "FM"]
[BlackTitle "FM"]
[WhiteElo "2172"]
[BlackElo "2446"]
[WhiteFideId "7200439"]
[BlackFideId "13100050"]
[EventDate "2016.12.21"]

1. d4 Nf6 2. c4 g6 3. g3 c5 4. Nf3 cxd4 5. Nxd4 Nc6 6. Bg2 Bg7 7. O-O Ng4 8. Nc2
d6 9. Nc3 O-O 10. h3 Nge5 11. Ne3 Na5 12. Qa4 Bd7 13. Qb4 Rc8 14. c5 Rxc5 15.
Qh4 e6 16. Ne4 Qxh4 17. gxh4 Rc6 18. Bd2 Nac4 19. Nxc4 Nxc4 20. Bc3 Bxc3 21.
Nxc3 d5 22. e4 d4 23. Ne2 e5 24. b3 Nd6 25. f4 f6 26. Rad1 Nb5 27. Nc1 Re6 28.
Rd2 Nc3 29. fxe5 fxe5 30. Rdf2 Rxf2 31. Rxf2 Bc6 32. Bf1 Bxe4 33. Nd3 Bxd3 34.
Bxd3 Kg7 0-1

[Event "54th Groningen Open 2016"]
[Site "Groningen NED"]
[Date "2016.12.30"]
[Round "9.23"]
[White "Swayams, Mishra"]
[Black "Boersma, Jan"]
[Result "1/2-1/2"]
[WhiteTitle "IM"]
[WhiteElo "2473"]
[BlackElo "2088"]
[WhiteFideId "5028183"]
[BlackFideId "1003267"]
[EventDate "2016.12.21"]

1. d4 Nf6 2. Nf3 g6 3. Bg5 Bg7 4. Nbd2 c5 5. c3 cxd4 6. cxd4 O-O 7. e3 Qb6 8.
Nc4 Qb4+ 9. Nfd2 d5 10. a3 Qb5 11. Bxf6 Bxf6 12. Nd6 Qb6 13. Nxc8 Rxc8 14. Rb1
Nd7 15. Be2 Rc7 16. O-O Rac8 17. b4 Qd6 18. Nb3 Nb6 19. Nc5 Nc4 20. Bxc4 dxc4
21. Ne4 Qe6 22. Nc3 Bg7 23. Qc2 Qd7 24. Rfd1 h5 25. a4 b6 26. f4 Rd8 27. h3 a6
28. Kh1 Rcc8 29. Qe2 b5 30. axb5 axb5 31. Ra1 Qf5 32. Ra5 Rb8 33. Rd2 Bf8 34.
Rb2 Rdc8 35. Qf3 Qd3 36. Ra3 Ra8 37. Rxa8 Rxa8 38. Qxa8 Qxc3 39. Rb1 Qxe3 40.
Qc6 c3 41. Qc8 e6 42. Ra1 Qxd4 43. Rc1 Qxb4 44. Rxc3 Qxf4 45. Rf3 Qe5 46. Qe8
Qe1+ 47. Kh2 Qe5+ 1/2-1/2

[Event "54th Groningen Open 2016"]
[Site "Groningen NED"]
[Date "2016.12.30"]
[Round "9.24"]
[White "Van Delft, Merijn"]
[Black "Willemsma, Abe"]
[Result "1-0"]
[WhiteTitle "IM"]
[WhiteElo "2376"]
[BlackElo "2087"]
[WhiteFideId "1004670"]
[BlackFideId "1011561"]
[EventDate "2016.12.21"]

1. e4 e6 2. d4 d5 3. Nd2 Be7 4. Ngf3 c5 5. exd5 Qxd5 6. Bc4 Qd6 7. Ne4 Qb6 8.
dxc5 Bxc5 9. Nxc5 Qb4+ 10. Nd2 Qxc5 11. Ne4 Qe5 12. Bd3 Nf6 13. f4 Qa5+ 14. Bd2
Qb6 15. Nxf6+ gxf6 16. Qf3 Bd7 17. O-O-O Bc6 18. Qh5 Nd7 19. Rhe1 Bxg2 20. Bb5
O-O-O 21. Ba5 Bf3 22. Bxb6 Bxh5 23. Bxd8 Rxd8 24. Rxd7 Rxd7 25. Bxd7+ Kxd7 26.
Kd2 Kd6 27. Ke3 Bg6 28. Rd1+ Ke7 29. h4 h5 30. c4 b6 31. b4 Bf5 32. Rd2 e5 33.
Rf2 Be6 34. Kd3 Kd6 35. a3 e4+ 36. Kd4 1-0

[Event "54th Groningen Open 2016"]
[Site "Groningen NED"]
[Date "2016.12.30"]
[Round "9.25"]
[White "Sparenberg, Erik"]
[Black "Krasenkova, Ilena"]
[Result "1-0"]
[BlackTitle "WIM"]
[WhiteElo "2119"]
[BlackElo "2045"]
[WhiteFideId "1013262"]
[BlackFideId "4119037"]
[EventDate "2016.12.21"]

1. e4 Nf6 2. e5 Nd5 3. d4 e6 4. Nf3 Be7 5. Be2 d6 6. exd6 cxd6 7. O-O Nc6 8. c4
Nf6 9. Nc3 O-O 10. a3 a5 11. Bf4 Nh5 12. Be3 Nf6 13. Rc1 Ng4 14. Bf4 f5 15. h3
Nf6 16. d5 e5 17. dxc6 exf4 18. Nd4 Qb6 19. Bf3 Bd8 20. Na4 Qa6 21. Qb3 bxc6 22.
Bxc6 Ra7 23. Bb5 Qb7 24. Nc6 Ra8 25. c5+ d5 26. Nxd8 Rxd8 27. Nb6 Rb8 28. Qa4 f3
29. Qxa5 fxg2 30. Rfe1 Ne4 31. Qa4 Nxc5 32. Rxc5 Qxb6 33. Qd4 Be6 34. b4 Bf7 35.
Re7 Rf8 36. Bc6 Qa6 37. Kxg2 f4 38. Rxf7 Rxf7 39. Bxd5 f3+ 40. Kg1 Qg6+ 41. Qg4
Qb1+ 42. Kh2 Re8 43. Qd7 Rf8 44. Qxf7+ 1-0

[Event "54th Groningen Open 2016"]
[Site "Groningen NED"]
[Date "2016.12.30"]
[Round "9.26"]
[White "Vandelacluze, Ian"]
[Black "De Boer, Eelke"]
[Result "1/2-1/2"]
[WhiteElo "2111"]
[BlackElo "2027"]
[WhiteFideId "222755"]
[BlackFideId "1048120"]
[EventDate "2016.12.21"]

1. e4 e6 2. d4 d5 3. Nd2 Nf6 4. e5 Nfd7 5. Bd3 c5 6. c3 Nc6 7. Ne2 cxd4 8. cxd4
f6 9. exf6 Nxf6 10. Nf3 Bd6 11. O-O O-O 12. Bf4 Nh5 13. Bxd6 Qxd6 14. Qd2 Bd7
15. Ng5 g6 16. Nxh7 Kxh7 17. Qg5 Rf5 18. Bxf5 exf5 19. Rfe1 Qf6 20. Qxf6 Nxf6
21. Nf4 g5 22. Nd3 b6 23. Ne5 Nxe5 24. dxe5 Ne4 25. e6 Bb5 26. Rac1 Kg6 27. Red1
Nf6 28. Rc7 Re8 29. e7 Kf7 30. Rxa7 Rxe7 31. Rxe7+ Kxe7 32. f3 Kd6 33. Kf2 Nd7
34. h4 gxh4 35. Ke3 Ne5 36. b3 Ng6 37. f4 Nf8 38. Rh1 Ne6 39. Rxh4 d4+ 40. Kd2
Kd5 41. Rh5 Ke4 42. g4 Nxf4 43. Rxf5 Bd7 44. Rf6 Nd5 45. Rg6 b5 46. g5 Ke5 47.
Ra6 Nb4 48. Ra7 Bf5 49. Ra5 Kf4 50. a3 Nc2 51. a4 bxa4 52. bxa4 Na3 53. Rc5 Nb1+
54. Kc1 Nc3 55. a5 Kxg5 56. a6 Na4 57. Rb5 Kf6 58. a7 Be4 59. Rb8 Ke7 60. a8=Q
Bxa8 61. Rxa8 Nc5 62. Kd2 Kd6 63. Rd8+ Ke5 64. Rxd4 Nb3+ 1/2-1/2

[Event "54th Groningen Open 2016"]
[Site "Groningen NED"]
[Date "2016.12.30"]
[Round "9.27"]
[White "Elgersma, Simon"]
[Black "De Boer, Bas"]
[Result "1-0"]
[WhiteElo "2070"]
[BlackElo "2093"]
[WhiteFideId "1046101"]
[BlackFideId "1050729"]
[EventDate "2016.12.21"]

1. e4 c5 2. Nf3 e6 3. d4 cxd4 4. Nxd4 Nc6 5. Nc3 Qc7 6. Qd3 Nf6 7. Ndb5 Qb8 8.
Qg3 d6 9. Be3 Be7 10. O-O-O Ne5 11. Nxd6+ Bxd6 12. Qxg7 Rg8 13. Qxf6 Ng4 14.
Bb5+ 1-0

[Event "54th Groningen Open 2016"]
[Site "Groningen NED"]
[Date "2016.12.30"]
[Round "9.28"]
[White "Lewin, Tammo"]
[Black "Li, Zhaoyang"]
[Result "0-1"]
[WhiteElo "2041"]
[BlackElo "2002"]
[WhiteFideId "4668596"]
[BlackFideId "8608237"]
[EventDate "2016.12.21"]

1. d4 Nf6 2. c4 g6 3. Nc3 d5 4. Nf3 Bg7 5. Bg5 Ne4 6. cxd5 Nxg5 7. Nxg5 e6 8.
Qd2 exd5 9. Qe3+ Kf8 10. Qf4 Bf6 11. h4 h6 12. Nf3 Kg7 13. O-O-O Be6 14. e3 c5
15. Bd3 Nc6 16. g4 cxd4 17. exd4 Rc8 18. g5 hxg5 19. hxg5 Be7 20. Kb1 Qc7 21.
Qe3 Nb4 22. Rxh8 Rxh8 23. Ne5 Nxd3 24. Nxd3 Rh3 25. f3 Qg3 26. Nf4 Bf5+ 27. Ka1
Bxg5 28. Qe5+ Bf6 29. Nh5+ gxh5 30. Qxf5 Rh2 31. Qb1 Qxf3 32. Rf1 Rf2 33. Rg1+
Rg2 34. Rf1 Qg4 35. Nxd5 Bxd4 36. Nc3 Bxc3 37. bxc3 Qc4 38. Rc1 h4 39. Rc2 h3
40. Qc1 Qg4 0-1

[Event "54th Groningen Open 2016"]
[Site "Groningen NED"]
[Date "2016.12.30"]
[Round "9.29"]
[White "Heemskerk, Wim"]
[Black "Dehn, Marcus"]
[Result "1-0"]
[WhiteTitle "FM"]
[WhiteElo "2217"]
[BlackElo "2132"]
[WhiteFideId "1001000"]
[BlackFideId "4667093"]
[EventDate "2016.12.21"]

1. c4 e6 2. Nc3 d5 3. e3 c6 4. Nf3 Nd7 5. Qc2 Ngf6 6. b3 Be7 7. Bb2 O-O 8. Be2
b6 9. Rg1 Bb7 10. g4 e5 11. g5 Ne8 12. h4 Nd6 13. O-O-O e4 14. Nh2 b5 15. d3 b4
16. Na4 f5 17. gxf6 Bxf6 18. Ng4 Qe7 19. c5 Ne8 20. dxe4 dxe4 21. Qc4+ Kh8 22.
Qxb4 Bxb2+ 23. Kxb2 Ndf6 24. Rg2 Bc8 25. Nxf6 Qxf6+ 26. Nc3 a5 27. Qd4 Bf5 28.
h5 Ra7 29. Qxf6 Nxf6 30. Rd6 Rc7 31. Na4 Nd7 32. Kc3 Ne5 33. Nb2 Bh3 34. Rh2 Bg4
35. Nc4 Nxc4 36. Bxc4 h6 37. Be6 Bf3 38. Rh4 Rb8 39. a3 Re8 40. Kd4 Rf8 41. Rf4
Rb8 42. Rf7 Rxf7 43. Bxf7 g5 44. Rxc6 Kg7 45. Rc7 Kf6 46. c6 Rd8+ 47. Rd7 Rc8
48. Kc5 Bg4 49. Rb7 Ke5 50. b4 a4 51. b5 Bd1 52. Re7+ Kf6 53. Re8 1-0

[Event "54th Groningen Open 2016"]
[Site "Groningen NED"]
[Date "2016.12.30"]
[Round "9.31"]
[White "Theulings, Paul-Peter"]
[Black "Bekedam, Tyro"]
[Result "1-0"]
[WhiteTitle "CM"]
[WhiteElo "2097"]
[BlackElo "2154"]
[WhiteFideId "1002899"]
[BlackFideId "1043374"]
[EventDate "2016.12.21"]

1. Nf3 d5 2. d4 Nf6 3. c4 c6 4. Nc3 e6 5. Bg5 dxc4 6. e4 b5 7. e5 h6 8. Bh4 g5
9. Nxg5 hxg5 10. Bxg5 Nbd7 11. g3 Qb6 12. exf6 Bb7 13. Bg2 O-O-O 14. O-O c5 15.
d5 b4 16. Na4 Qb5 17. a3 Nb8 18. axb4 cxb4 19. Qg4 Bxd5 20. Rfc1 Nc6 21. Bxd5
Rxd5 22. Rxc4 Kb7 23. Rxc6 Qxc6 24. b3 Qc2 25. Be3 Qxb3 26. Bxa7 Qc2 27. Be3 Bd6
28. Nb6 Rf5 29. Nc4 Bc7 30. Qd4 Rd8 31. Qa7+ Kc8 32. Qa6+ Kd7 33. Rc1 Qe4 34.
Qa4+ Kc8 35. Qxb4 Qf3 36. Nb6+ Kb8 37. Nd5+ Ka8 38. Nxc7# 1-0